Les figures de style dans Bande Organisée - Statistiques

Statistiques générales
  • Ce quiz a été pris 46 fois
    32 depuis la dernière actualisation
  • Le résultat moyen est 7 sur 16
Statistiques - réponses
Paroles Type de figure Figure de style % Correct
Yo, j'vise l'or, le platine, à la base, c'était les assises J'suis un peu d'Zampa, un peu d'Zizou Sonorité Allitération en [z]= répétition de sons consonnes
79%
Jeune trafiquant dans le bâtiment cavale comme Usain Bolt Analogie Comparaison= un terme comparé à un autre avec un mot comparatif
79%
Nique ta mère sur la Cannebière,Nique tes morts sur le vieux port Amplification Anaphore= répétition du même terme en début de phrase
75%
J'fais couler son mascara Atténuation Euphémisme = expression atténuée pour ne pas choquer
68%
On les rend amis, ennemis (yah)On les rend ennemis, amis (yah) Opposition Chiasme= répétition de la structure de façon symétrique d'une phrase à l'autre
54%
Hasta luego, fais-en un, hasta luego, fais-en deux Répétition Parallélisme= répétition de la structure d'une phrase à l'autre
54%
Y a eu des traîtres, des traîtres, des traîtres Amplification Répétition
54%
J'suis un apache Analogie Métaphore = comparaison sans mot comparatif
46%
Tu veux nous faire la guerre ? Insistance Question rhétorique= question qui n'attend pas de réponse
43%
Ça prend ton Audi, ça prend ta gadji, ça prend ta CB Répétition Gradation = succession de termes à valeur croissante
36%
Ma Clio, elle est sur les jantes Amplification Hyperbole= exagération de la réalité pour la mettre en relief
32%
C'est pas la capitale Substitution Périphrase = remplacement d'un terme par une expression qui le décrit
29%
J'ai fais le calcul de plus le calculer lui Répétition Polyptote= répétition d'un mot sous plusieurs formes grammaticales
21%
Ter-ter, guidon, logistique, par terre, du sang balistique Amplification Accumulation = énumération de termes
18%
Yo, cesse ton baratin, t'es qu'un fils de bar à tain-p' Amplification Paronomase= emploi de deux termes aux sonorités très proches mais aux sens différents
18%
J'suis un Diakité Substitution Antonomase= utilisation d'un nom propre comme nom commun
4%
Aucun quiz correspondant
Distribution des résultats
% des personnes avec chaque résultat
Percentile par nombre de réponses
Votre historique - résultats
Vous n’avez pas pris ce quiz depuis la dernière actualisation